000
00264nam a22001217a 4500
003
SGT
082
_a
340,ICR
100
_a
ICRC
245
_a
THE FUNDAMENTAL PRINCIPLES OF THE RED CROSS AND CRESCENT
260
_a
NEW DELHI
_b
ICRC
300
_a
34
942
_2
ddc
_c
BK
999
_c
11082
_d
11082